000 01179nam a2200301Ia 4500
001 ebr10362179
003 CaPaEBR
006 m u
007 cr cn|||||||||
008 091023s2010 enk sb 001 0 eng d
020 _z0199577579 (hbk.)
020 _z9780199577576 (hbk.)
040 _aCaPaEBR
_cCaPaEBR
035 _a(OCoLC)551426399
050 1 4 _aKZ6495
_b.P75 2010eb
245 0 0 _aPrisoners in war
_h[electronic resource] /
_cedited by Sibylle Scheipers.
260 _aOxford ;
_aNew York :
_bOxford University Press,
_cc2010.
300 _axi, 330 p.
504 _aIncludes bibliographical references and index.
533 _aElectronic reproduction.
_bPalo Alto, Calif. :
_cebrary,
_d2010.
_nAvailable via World Wide Web.
_nAccess may be limited to ebrary affiliated libraries.
650 0 _aInternational relations.
650 0 _aPrisoners of war
_xGovernment policy.
650 0 _aPrisoners of war
_xHistory.
655 7 _aElectronic books.
_2local
700 1 _aScheipers, Sibylle.
710 2 _aebrary, Inc.
856 4 0 _uhttp://site.ebrary.com/lib/rucke/Doc?id=10362179
_zAn electronic book accessible through the World Wide Web; click to view
999 _c105154
_d105154